2028 Republicans? - Statistics

General Stats
  • This quiz has been taken 41 times
  • The average score is 13 of 26
Answer Stats
State Office Answer % Correct
OH VP J.D. Vance
92%
FL POTUS Donald John Trump
89%
FL POTUS son Donald Trump Jr.
89%
TX Tesla CEO, head of DOGE Elon Musk
81%
FL Sec. of State Marco Rubio
81%
FL Governor Ron DeSantis
72%
IN Fmr. VP Mike Pence
67%
AZ TPUSA CEO Erika Kirk
58%
TX Governor Greg Abbott
58%
CA Sec. of HHS Robert F. Kennedy Jr.
56%
HI Director of Nat'l Intelligence Tulsi Gabbard
56%
GA Congresswoman Marjorie Taylor Greene
50%
FL Fmr. Fox News Host Tucker Carlson
50%
OH Candidate for Governor Vivek Ramaswamy
44%
AR Governor Sarah Huckabee Sanders
42%
GA Governor Brian Kemp
39%
VA Fmr. Governor Glenn Youngkin
39%
MO Senator Josh Hawley
39%
SC Fmr. Governor Nikki Haley
39%
AL Senator Katie Britt
33%
FL Fmr. Congressman Matt Gaetz
31%
FL Congressman Byron Donalds
28%
NY Congresswoman Elise Stefanik
28%
KY Senator Rand Paul
22%
VA Fmr. White House Chief Strategist Steve Bannon
19%
NE Congressman Don Bacon
14%
No matching quizzes found
Score Distribution
Percent of People with Each Score
Percentile by Number Answered
Your Score History
You have not taken this quiz